African Cities Along the Coast - Statistics

General Stats
  • This quiz has been taken 134 times
    127 since last reset
  • The average score is 34 of 40
Answer Stats
City % Correct
Suez, Egypt
99%
Port Sudan, Sudan
96%
Djibouti, Djibouti
93%
Mogadishu, Somalia
93%
Dar es Salaam, Tanzania
90%
Lagos, Nigeria
90%
Mombasa, Kenya
90%
Lomé, Togo
89%
Cape Town, South Africa
88%
Durban, South Africa
88%
Freetown, Sierra Leone
88%
Libreville, Gabon
88%
Luanda, Angola
88%
Maputo, Mozambique
88%
Port Elizabeth, South Africa
88%
Abidjan, Côte d’Ivoire
86%
Accra, Ghana
86%
Cotonou, Benin
86%
East London, South Africa
86%
Banjul-Serrekunda, Gambia
85%
Conakry, Guinea
85%
Dakar, Senegal
85%
Nouakchott, Mauritania
85%
Douala, Cameroon
84%
Monrovia, Liberia
84%
Bissau, Guinea-Bissau
83%
Casablanca, Morocco
81%
Tangier, Morocco
81%
Tripoli, Libya
80%
Tunis, Tunisia
80%
Algiers, Algeria
79%
Oran, Algeria
79%
Pointe-Noire, Congo
79%
Rabat-Salé, Morocco
79%
Agadir, Morocco
78%
Alexandria, Egypt
77%
Benghazi, Libya
74%
Sekondi-Takoradi, Ghana
73%
Port Said, Egypt
70%
Misrata, Libya
69%
No matching quizzes found
Score Distribution
Percent of People with Each Score
Percentile by Number Answered
Your Score History
You have not taken this quiz since the last reset